Ciudad Nezahualcoyotl (Record no. 8867)
[ view plain ]
| 000 -CABECERA | |
|---|---|
| campo de control de longitud fija | 00787nam a2200241 a 4500 |
| 001 - NÚMERO DE CONTROL | |
| campo de control | BRL_54 |
| 005 - FECHA Y HORA DE LA ÚLTIMA TRANSACCIÓN | |
| campo de control | 20190320210552.0 |
| 008 - DATOS DE LONGITUD FIJA--INFORMACIÓN GENERAL | |
| campo de control de longitud fija | 171012s1981----mx-a######---#000-0#spa-u |
| 041 ## - CÓDIGO DE LENGUA | |
| Código de lengua del texto/banda sonora o título independiente | spa |
| 044 ## - CÓDIGO DEL PAÍS DE LA ENTIDAD EDITORA/PRODUCTORA | |
| Código MARC del país | mx |
| 050 #4 - SIGNATURA TOPOGRÁFICA DE LA BIBLIOTECA DEL CONGRESO | |
| Número de clasificación | F1386 |
| Número de documento/Ítem | .C66 1981 |
| 100 1# - ENTRADA PRINCIPAL--NOMBRE DE PERSONA | |
| Nombre de persona | Cook de Leonard, Carmen |
| 9 (RLIN) | 22777 |
| 245 10 - MENCIÓN DE TÍTULO | |
| Título | Ciudad Nezahualcoyotl |
| Resto del título | una ciudad en el fondo de un lago : pasado, presente, futuro |
| Mención de responsabilidad, etc. | Carmen Cook de Leonard. |
| 260 ## - PUBLICACIÓN, DISTRIBUCIÓN, ETC. | |
| Lugar de publicación, distribución, etc. | México |
| Nombre del editor, distribuidor, etc. | Casa de la Cultura |
| Fecha de publicación, distribución, etc. | 1981 |
| 300 ## - DESCRIPCIÓN FÍSICA | |
| Extensión | xix, 318 p. |
| Otras características físicas | il. |
| Dimensiones | 23 cm. |
| 440 #0 - MENCIÓN DE SERIE/PUNTO DE ACCESO ADICIONAL--TÍTULO | |
| Título | Publicaciones municipales |
| Designación de volumen o secuencia | 1 |
| 9 (RLIN) | 22778 |
| 500 ## - NOTA GENERAL | |
| Nota general | Incluye dedicatoria para Ruth de la autora, 1982 |
| 500 ## - NOTA GENERAL | |
| Nota general | Au71 |
| 650 14 - PUNTO DE ACCESO ADICIONAL DE MATERIA--TÉRMINO DE MATERIA | |
| Término de materia o nombre geográfico como elemento de entrada | Ciudades y pueblos |
| Subdivisión geográfica | México |
| 9 (RLIN) | 22779 |
| 651 #4 - PUNTO DE ACCESO ADICIONAL DE MATERIA--NOMBRE GEOGRÁFICO | |
| Nombre geográfico | Nezahualcoyotl (Ciudad) |
| Subdivisión general | Historia |
| Subdivisión geográfica | México |
| 9 (RLIN) | 22780 |
| 902 ## - CATALOGADOR | |
| Iniciales | GRL |
| 942 ## - ELEMENTOS DE PUNTO DE ACCESO ADICIONAL (KOHA) | |
| Fuente del sistema de clasificación o colocación | Library of Congress Classification |
| Tipo de ítem Koha | Libros |
| Estado de retiro | Estado de pérdida | Estado dañado | No para préstamo | Localización permanente | Ubicación/localización actual | Fecha de adquisición | Número de inventario | Total de préstamos | Signatura topográfica completa | Código de barras | Fecha visto por última vez | Precio válido a partir de | Tipo de ítem Koha |
|---|---|---|---|---|---|---|---|---|---|---|---|---|---|
| El ejemplar forma parte de la colección y puede ser consultado según las políticas vigentes. | Biblioteca Centro de Estudios Ruth D. Lechuga | Biblioteca Centro de Estudios Ruth D. Lechuga | 02/10/2012 | Au71 | F1386 .C66 1981 (Au71) | GRL00054 | 22/03/2019 | 22/03/2019 | Libros |